[Event "Stay Safe Play From Home 258"]
[Site "Emanuel Lasker Arena"]
[Date "2020.06.26"]
[Round "6"]
[White "Edmatuag"]
[Black "Dukic"]
[Result "1-0"]
[WhiteElo "1721"]
[BlackElo "1951"]
[PlyCount "99"]
[EventDate "2020.06.26"]
[EventType "swiss (blitz)"]

1. e4 {[%emt 0:00:01]} c6 {[%emt 0:00:03]} 2. Bd3 {[%emt 0:00:03]} d6 {[%emt 0:00:01]} 3. c3 {[%emt 0:00:02]} Nd7 {[%emt 0:00:00]} 4. f4 {[%emt 0:00:01]} e5 {[%emt 0:00:00]} 5. Nf3 {[%emt 0:00:04]} exf4 {[%emt 0:00:02]} 6. O-O {[%emt 0:00:02]} g5 {[%emt 0:00:02]} 7. Bc2 {[%emt 0:00:06]} Ne5 {[%emt 0:00:15]} 8. d4 {[%emt 0:00:03]} Ng6 {[%emt 0:00:07]} 9. e5 {[%emt 0:00:12]} dxe5 {[%emt 0:00:09]} 10. Bxg6 {[%emt 0:00:02]} hxg6 {[%emt 0:00:04]} 11. Nxe5 {[%emt 0:00:01]} Be6 {[%emt 0:00:03]} 12. Qe2 {[%emt 0:00:16]} Ne7 {[%emt 0:00:16]} 13. Na3 {[%emt 0:00:12]} Qd5 {[%emt 0:00:12]} 14. Bd2 {[%emt 0:00:12]} Bg7 {[%emt 0:00:05]} 15. Nf3 {[%emt 0:00:09]} Bf6 {[%emt 0:00:18]} 16. c4 {[%emt 0:00:03]} Qf5 {[%emt 0:00:15]} 17. d5 {[%emt 0:00:26]} cxd5 {[%emt 0:00:02]} 18. cxd5 {[%emt 0:00:02]} Bxd5 {[%emt 0:00:02]} 19. Bc3 {[%emt 0:00:30]} O-O {[%emt 0:00:25]} 20. Nd4 {[%emt 0:00:15]} Qe4 {[%emt 0:00:09]} 21. Qxe4 {[%emt 0:00:12]} Bxe4 {[%emt 0:00:02]} 22. Rfe1 {[%emt 0:00:09]} Bd5 {[%emt 0:00:16]} 23. Nab5 {[%emt 0:00:10]} Rfc8 {[%emt 0:00:12]} 24. Nd6 {[%emt 0:00:10]} Rc7 {[%emt 0:00:05]} 25. N4b5 {[%emt 0:00:04]} Rxc3 {[%emt 0:00:17]} 26. Nxc3 {[%emt 0:00:04]} Bc6 {[%emt 0:00:03]} 27. Nde4 {[%emt 0:00:03]} Kg7 {[%emt 0:00:15]} 28. Nxf6 {[%emt 0:00:04]} Kxf6 {[%emt 0:00:01]} 29. Ne4+ {[%emt 0:00:01]} Bxe4 {[%emt 0:00:02]} 30. Rxe4 {[%emt 0:00:00]} Nd5 {[%emt 0:00:02]} 31. Rd1 {[%emt 0:00:03]} Ne3 {[%emt 0:00:07]} 32. Rd6+ {[%emt 0:00:01]} Kf5 {[%emt 0:00:01]} 33. Re7 {[%emt 0:00:04]} Rc8 {[%emt 0:00:06]} 34. Rxf7+ {[%emt 0:00:06]} Kg4 {[%emt 0:00:01]} 35. Rd2 {[%emt 0:00:10]} Rc1+ {[%emt 0:00:01]} 36. Kf2 {[%emt 0:00:01]} Rf1+ {[%emt 0:00:01]} 37. Ke2 {[%emt 0:00:01]} Rg1 {[%emt 0:00:02]} 38. h3+ {[%emt 0:00:04]} Kg3 {[%emt 0:00:01]} 39. Kd3 {[%emt 0:00:01]} Nxg2 {[%emt 0:00:02]} 40. Rg7 {[%emt 0:00:03]} Kxh3 {[%emt 0:00:02]} 41. Rxg6 {[%emt 0:00:01]} g4 {[%emt 0:00:01]} 42. Rh6+ {[%emt 0:00:02]} Kg3 {[%emt 0:00:01]} 43. a4 {[%emt 0:00:02]} f3 {[%emt 0:00:01]} 44. Rf6 {[%emt 0:00:03]} Ne1+ {[%emt 0:00:04]} 45. Kd4 {[%emt 0:00:02]} Rg2 {[%emt 0:00:03]} 46. Kc3 {[%emt 0:00:03]} Rxd2 {[%emt 0:00:02]} 47. Kxd2 {[%emt 0:00:01]} f2 {[%emt 0:00:00]} 48. Ke2 {[%emt 0:00:01]} Kg2 {[%emt 0:00:00]} 49. Rxf2+ {[%emt 0:00:02]} Kg3 {[%emt 0:00:02]} 50. Kxe1 {[%emt 0:00:00] Zeit} 1-0

[Event "Stay Safe Play From Home 258"]
[Site "Emanuel Lasker Arena"]
[Date "2020.06.26"]
[Round "6"]
[White "charlsjulian19"]
[Black "Haxhi Baha"]
[Result "0-1"]
[WhiteElo "1718"]
[BlackElo "2058"]
[Annotator "NA"]
[PlyCount "98"]
[EventDate "2020.06.26"]
[EventType "swiss (blitz)"]

1. e4 {[%emt 0:00:01]} e6 {[%emt 0:00:02]} 2. d4 {[%emt 0:00:02]} d5 {[%emt 0:00:01]} 3. Nc3 {[%emt 0:00:01]} Nf6 {[%emt 0:00:01]} 4. e5 {[%emt 0:00:19]} Nfd7 {[%emt 0:00:01]} 5. Nh3 {[%emt 0:00:19]} c5 {[%emt 0:00:10]} 6. Bg5 {[%emt 0:00:12]} Qb6 {[%emt 0:00:05]} 7. Nb5 {[%emt 0:00:18]} a6 {[%emt 0:00:16]} 8. Nd6+ {[%emt 0:00:07]} Bxd6 {[%emt 0:00:02]} 9. exd6 {[%emt 0:00:03]} cxd4 {[%emt 0:00:16]} 10. Be7 {[%emt 0:00:11]} Nc6 {[%emt 0:00:02]} 11. Bd3 {[%emt 0:00:09]} Qb4+ {[%emt 0:00:14]} 12. c3 {[%emt 0:00:06]} dxc3 {[%emt 0:00:03]} 13. O-O {[%emt 0:00:01]} cxb2 {[%emt 0:00:01]} 14. Rb1 {[%emt 0:00:01]} Nxe7 {[%emt 0:00:01]} 15. dxe7 {[%emt 0:00:02]} Qxe7 {[%emt 0:00:03]} 16. Rxb2 {[%emt 0:00:01]} O-O {[%emt 0:00:05]} 17. Qc2 {[%emt 0:00:01]} Nf6 {[%emt 0:00:04]} 18. Re1 {[%emt 0:00:07]} b5 {[%emt 0:00:09]} 19. a4 {[%emt 0:00:02]} b4 {[%emt 0:00:14]} 20. a5 {[%emt 0:00:01]} Rb8 {[%emt 0:00:01]} 21. Qa4 {[%emt 0:00:03]} Bd7 {[%emt 0:00:10]} 22. Qb3 {[%emt 0:00:01]} Bb5 {[%emt 0:00:06]} 23. Nf4 {[%emt 0:00:13]} Qd6 {[%emt 0:00:10]} 24. g3 {[%emt 0:00:06]} e5 {[%emt 0:00:12]} 25. Bxb5 {[%emt 0:00:04]} Rxb5 {[%emt 0:00:00]} 26. Nd3 {[%emt 0:00:01]} e4 {[%emt 0:00:16]} 27. Nf4 {[%emt 0:00:08]} Rfb8 {[%emt 0:00:01]} 28. Rd2 {[%emt 0:00:03]} Rxa5 {[%emt 0:00:05]} 29. Red1 {[%emt 0:00:05]} Rbb5 {[%emt 0:00:21]} 30. h3 {[%emt 0:00:25]} h6 {[%emt 0:00:03]} 31. Rc2 {[%emt 0:00:17]} Ra3 {[%emt 0:00:05]} 32. Qb2 {[%emt 0:00:04]} b3 {[%emt 0:00:18]} 33. Rcc1 {[%emt 0:00:05]} Ra2 {[%emt 0:00:02]} 34. Qc3 {[%emt 0:00:02]} Qb6 {[%emt 0:00:19]} 35. Rf1 {[%emt 0:00:05]} e3 {[%emt 0:00:02]} 36. Qc8+ {[%emt 0:00:04]} Kh7 {[%emt 0:00:01]} 37. Rc6 {[%emt 0:00:02]} exf2+ {[%emt 0:00:02]} 38. Kh2 {[%emt 0:00:13]} Rc2 {[%emt 0:00:08]} 39. Qf5+ {[%emt 0:00:03]} g6 {[%emt 0:00:04]} 40. Nxg6 {[%emt 0:00:01]} Qxc6 {[%emt 0:00:03]} 41. Ne7+ {[%emt 0:00:01]} Kg7 {[%emt 0:00:01]} 42. Nxc6 {[%emt 0:00:01]} Rxc6 {[%emt 0:00:00]} 43. Rxf2 {[%emt 0:00:01]} b2 {[%emt 0:00:02]} 44. Qb1 {[%emt 0:00:03]} Rc1 {[%emt 0:00:01]} 45. Qxb2 {[%emt 0:00:02]} Rxb2 {[%emt 0:00:01]} 46. Rxb2 {[%emt 0:00:00]} a5 {[%emt 0:00:01]} 47. Ra2 {[%emt 0:00:01]} d4 {[%emt 0:00:00]} 48. g4 {[%emt 0:00:02]} d3 {[%emt 0:00:00]} 49. Rd2 {[%emt 0:00:01]} Rc2 {[%emt 0:00:01] charlsjulian19 resigns (Lag: Av=1.47s, max=5.7s)} 0-1

[Event "Stay Safe Play From Home 258"]
[Site "Emanuel Lasker Arena"]
[Date "2020.06.26"]
[Round "6"]
[White "Timbre"]
[Black "Justwatch"]
[Result "1-0"]
[WhiteElo "1603"]
[BlackElo "1313"]
[Annotator "NA"]
[PlyCount "46"]
[EventDate "2020.06.26"]
[EventType "swiss (blitz)"]

1. d4 {[%emt 0:00:03]} Nf6 {[%emt 0:00:00]} 2. Nf3 {[%emt 0:00:02]} d5 {[%emt 0:00:00]} 3. c3 {[%emt 0:00:01]} Nc6 {[%emt 0:00:00]} 4. Bf4 {[%emt 0:00:01]} Bg4 {[%emt 0:00:00]} 5. e3 {[%emt 0:00:01]} Bxf3 {[%emt 0:00:00]} 6. Qxf3 {[%emt 0:00:02]} e6 {[%emt 0:00:00]} 7. Bd3 {[%emt 0:00:03]} Bd6 {[%emt 0:00:02]} 8. Bg3 {[%emt 0:00:03]} Na5 {[%emt 0:00:01]} 9. Nd2 {[%emt 0:00:03]} Qe7 {[%emt 0:00:03]} 10. O-O {[%emt 0:00:03]} Bxg3 {[%emt 0:00:01]} 11. hxg3 {[%emt 0:00:02]} O-O {[%emt 0:00:01]} 12. e4 {[%emt 0:00:01]} dxe4 {[%emt 0:00:01]} 13. Nxe4 {[%emt 0:00:02]} Nxe4 {[%emt 0:00:00]} 14. Qxe4 {[%emt 0:00:02]} f5 {[%emt 0:00:00]} 15. Qe5 {[%emt 0:00:07]} Rad8 {[%emt 0:00:03]} 16. Qxa5 {[%emt 0:00:02]} Rd5 {[%emt 0:00:02]} 17. Qxa7 {[%emt 0:00:04]} b6 {[%emt 0:00:03]} 18. Qa6 {[%emt 0:00:04]} f4 {[%emt 0:00:01]} 19. gxf4 {[%emt 0:00:04]} Qh4 {[%emt 0:00:03]} 20. Be2 {[%emt 0:00:12]} Rxf4 {[%emt 0:00:03]} 21. Qc8+ {[%emt 0:00:06]} Rf8 {[%emt 0:00:02]} 22. Qxe6+ {[%emt 0:00:03]} Kh8 {[%emt 0:00:00]} 23. Qxd5 {[%emt 0:00:02]} h6 {[%emt 0:00:00] Justwatch terk eder (Lag: Av=0.58s, max=4.7s)} 1-0

[Event "Stay Safe Play From Home 258"]
[Site "Emanuel Lasker Arena"]
[Date "2020.06.26"]
[Round "7"]
[White "MarkonY"]
[Black "Weltszmerc"]
[Result "1-0"]
[WhiteElo "2326"]
[BlackElo "2134"]
[Annotator "TA"]
[PlyCount "141"]
[EventDate "2020.06.26"]
[EventType "swiss (blitz)"]

{[%evp 20,141,28,31,45,42,93,93,83,65,77,69,58,29,27,37,41,6,10,9,15,14,10,0,19,0,16,13,134,0,0,0,0,0,0,-90,-69,-72,0,0,0,-25,-29,-18,-63,-73,-66,-68,-70,-105,-12,-18,-10,-8,-8,-137,0,0,0,0,3,3,3,0,0,0,0,0,8,8,157,7,261,0,0,-8,-8,-8,0,0,0,0,0,0,0,-285,-285,-285,-285,-29987,-285,-285,-285,-285,-285,-285,-285,-285,-285,-285,-285,-285,-285,-285,-285,-285,-285,-285,-285,-285,0,0,0,-79,-85,-109,0,-125,-109,-109,29985,29986,29986,29987]} 1. d4 b6 2. c4 Bb7 3. Nc3 Nf6 4. Nf3 e6 5. g3 Be7 6. Bg2 O-O 7. O-O Ne4 8. Bd2 f5 9. Ne1 Nxc3 10. Bxc3 Bxg2 11. Nxg2 Bf6 {E18: Queen's Indian: Old Main Line (4 g3 Bb7 5 Bg2 Be7 6 0-0 0-0 7 Nc3).} 12. Qd3 {[#]} d5 $146 (12... Nc6 $14) ({Predecessor:} 12... Nc6 13. Rad1 Qe8 14. f3 d5 15. e4 Qd7 16. Nf4 Ne7 17. Rde1 Ng6 18. Nxg6 hxg6 19. cxd5 exd5 {1-0 (59) Matviishen,V (2404)-Zaitsev,K (1933) Mukachevo 2017}) 13. cxd5 $16 Qxd5 {White is better.} 14. Nf4 Qd7 15. Qc4 Re8 16. d5 Bxc3 17. dxe6 Qc6 $1 {[%cal Rc6c4]} 18. Qxc3 (18. Qxc6 {feels hotter.} Nxc6 19. Rac1 Nd4 20. Rxc3 c5 21. e3) 18... Qxc3 19. bxc3 Na6 $1 20. Rfd1 Nc5 21. Rd5 g6 22. e3 Kg7 23. Rad1 Kf6 (23... Kf8 $1 $11 {keeps the balance.}) 24. h4 (24. Rxc5 $1 $16 bxc5 25. Nd5+ {[%mdl 64] Double Attack} Kxe6 26. Nxc7+ {[%mdl 64] Double Attack} Ke7 27. Nxa8 (27. Nxe8 Rxe8 28. Rd5 Rc8 $16) 27... Rxa8 28. Rd5) 24... Nxe6 $11 25. Rd7 {White threatens Nd5+ and mate.} Nxf4 26. gxf4 {[%mdl 4096] Endgame KRR-KRR} Re7 27. Rd8 (27. Kf1 $11 {remains equal.}) 27... Rxd8 $17 28. Rxd8 {KR-KR} Ke6 (28... Re4 $17) 29. Kf1 $11 Rd7 30. Ra8 a5 31. Ke2 Kd5 32. Kd3 Kc5+ 33. Kc2 $1 Kc4 34. Rh8 Rd3 (34... b5 $17) 35. Rxh7 Rxc3+ 36. Kb2 c5 37. Rg7 (37. Rb7 $1 $11 {was the only way to keep the balance.}) 37... a4 (37... Rd3 $1 $17 38. Kc2 Rd6) 38. Rxg6 a3+ 39. Kb1 {Rd6 is the strong threat.} b5 40. Rg1 {Hoping for Rc1.} Rd3 41. Rc1+ Kb4 42. Kc2 Rd7 43. h5 {And now Rh1 would win.} Rh7 44. Rh1 c4 (44... Rh6 $11) 45. f3 (45. h6 $16) 45... Ka4 $2 {[%mdl 8192]} (45... Kc5 $11) 46. e4 $2 (46. Kc3 $18) 46... b4 {[%cal Bb5b4,Bb4b3][%mdl 32]} 47. exf5 b3+ 48. Kc3 $1 b2 49. Kc2 $1 Re7 50. f6 $1 {[%cal Rf6e7]} Re2+ $1 51. Kc3 {Strongly threatening f7.} Rh2 52. Rd1 $2 {[%mdl 8192]} (52. f7 $1 $11 {and White stays safe.} Rxh1 53. f8=Q) 52... Rxh5 $19 53. Kxc4 {If only White now had time for f7....} Rf5 $1 {[%csl LRf4,LRf6]} 54. Kc3 $2 (54. Rg1 $19) 54... Rxf4 $2 (54... Rc5+ {mates} 55. Kd4 Rc1 56. Rd3 b1=Q 57. Rb3 Qxa2 58. f7 Qxb3 {[%mdl 64] Double Attack} 59. f8=Q Rc4+ 60. Ke5 Qe3+ 61. Kd6 Qc5+ 62. Ke6 Qxf8 63. f5 a2 64. f6 a1=Q 65. f7 Qc8+ 66. Kd6 Qf6+ $1 {[%mdl 576] Double Attack} 67. Kd5 Qfe6#) 55. Kc2 Rxf3 56. Kb1 Rxf6 57. Rd4+ Kb5 58. Rd1 Kc4 59. Re1 Rf4 60. Rd1 Kc3 61. Rd3+ Kb4 {( -> ...Rf1+)} 62. Rd1 Kc4 63. Re1 Kd3 64. Rd1+ Ke2 $2 (64... Ke4 $19 {White must now prevent ...Rf3.} 65. Re1+ Kf5) 65. Rd2+ $1 $11 Ke1 ({Black should play} 65... Kf1 $11 66. Rd3 Ra4) 66. Rd3 $17 Ra4 67. Rh3 Kd2 ({Better is} 67... Kf1 $17 68. Re3 Kf2) 68. Rh2+ (68. Rh4 $3 {[%mdl 512] [#]} Ra8 $11 {[#]} 69. Ra4 $1 {[%mdl 512]} Rxa4) 68... Ke3 {Threatens to win with ...Rf4.} 69. Rh3+ Kf4 $2 {[%mdl 8192]} (69... Ke2 $17 70. Rg3 Ra6) 70. Rh4+ Ke3 71. Rxa4 {A wild game. Accuracy: White = 72%, Black = 66%.} 1-0

[Event "Stay Safe Play From Home 258"]
[Site "Emanuel Lasker Arena"]
[Date "2020.06.26"]
[Round "7"]
[White "Haxhi Baha"]
[Black "Edmatuag"]
[Result "1-0"]
[WhiteElo "2062"]
[BlackElo "1748"]
[PlyCount "45"]
[EventDate "2020.06.26"]
[EventType "swiss (blitz)"]

1. e4 {[%emt 0:00:03]} c5 {[%emt 0:00:02]} 2. Nf3 {[%emt 0:00:14]} d6 {[%emt 0:00:01]} 3. d4 {[%emt 0:00:01]} cxd4 {[%emt 0:00:02]} 4. Nxd4 {[%emt 0:00:00]} g6 {[%emt 0:00:02]} 5. Nc3 {[%emt 0:00:02]} Bg7 {[%emt 0:00:01]} 6. Be3 {[%emt 0:00:00]} e6 {[%emt 0:00:03]} 7. Be2 {[%emt 0:00:01]} Ne7 {[%emt 0:00:01]} 8. Qd2 {[%emt 0:00:03]} a6 {[%emt 0:00:02]} 9. Bh6 {[%emt 0:00:03]} Bf6 {[%emt 0:00:04]} 10. h4 {[%emt 0:00:04]} Nbc6 {[%emt 0:00:03]} 11. Nb3 {[%emt 0:00:01]} Qc7 {[%emt 0:00:06]} 12. O-O-O {[%emt 0:00:02]} b5 {[%emt 0:00:02]} 13. Qxd6 {[%emt 0:00:16]} Qxd6 {[%emt 0:00:03]} 14. Rxd6 {[%emt 0:00:00]} Bxc3 {[%emt 0:00:14]} 15. bxc3 {[%emt 0:00:01]} Bb7 {[%emt 0:00:04]} 16. Nc5 {[%emt 0:00:07]} Rb8 {[%emt 0:00:14]} 17. Nd7 {[%emt 0:00:11]} Nc8 {[%emt 0:00:19]} 18. Rd2 {[%emt 0:00:53]} Ra8 {[%emt 0:00:08]} 19. Bg7 {[%emt 0:00:05]} Nd6 {[%emt 0:00:22]} 20. Rxd6 {[%emt 0:00:08]} Ke7 {[%emt 0:00:01]} 21. e5 {[%emt 0:00:06]} Rhg8 {[%emt 0:00:09]} 22. Bf6+ {[%emt 0:00:03]} Ke8 {[%emt 0:00:02]} 23. Nc5 {[%emt 0:00:14] Edmatuag resigns (Lag: Av=0.75s, max=1.3s)} 1-0

[Event "Stay Safe Play From Home 258"]
[Site "Emanuel Lasker Arena"]
[Date "2020.06.26"]
[Round "7"]
[White "Haris kollari 13"]
[Black "Timbre"]
[Result "1-0"]
[WhiteElo "1956"]
[BlackElo "1609"]
[Annotator "NA"]
[PlyCount "93"]
[EventDate "2020.06.26"]
[EventType "swiss (blitz)"]

1. e4 {[%emt 0:00:01]} c6 {[%emt 0:00:17]} 2. d4 {[%emt 0:00:04]} d5 {[%emt 0:00:01]} 3. e5 {[%emt 0:00:01]} Bf5 {[%emt 0:00:03]} 4. f4 {[%emt 0:00:01]} e6 {[%emt 0:00:01]} 5. Bd3 {[%emt 0:00:01]} Bxd3 {[%emt 0:00:02]} 6. Qxd3 {[%emt 0:00:01]} a6 {[%emt 0:00:01]} 7. Nf3 {[%emt 0:00:02]} c5 {[%emt 0:00:02]} 8. c3 {[%emt 0:00:01]} Nc6 {[%emt 0:00:02]} 9. O-O {[%emt 0:00:02]} cxd4 {[%emt 0:00:01]} 10. cxd4 {[%emt 0:00:01]} Nge7 {[%emt 0:00:02]} 11. Be3 {[%emt 0:00:04]} Nf5 {[%emt 0:00:02]} 12. Bf2 {[%emt 0:00:01]} Be7 {[%emt 0:00:01]} 13. Nbd2 {[%emt 0:00:05]} Bh4 {[%emt 0:00:04]} 14. g3 {[%emt 0:00:18]} Be7 {[%emt 0:00:03]} 15. Nb3 {[%emt 0:00:01]} O-O {[%emt 0:00:03]} 16. Rac1 {[%emt 0:00:01]} Rc8 {[%emt 0:00:03]} 17. g4 {[%emt 0:00:02]} Nh6 {[%emt 0:00:04]} 18. h3 {[%emt 0:00:02]} f6 {[%emt 0:00:03]} 19. Be3 {[%emt 0:00:04]} fxe5 {[%emt 0:00:02]} 20. fxe5 {[%emt 0:00:01]} Nf7 {[%emt 0:00:03]} 21. a3 {[%emt 0:00:12]} Ng5 {[%emt 0:00:02]} 22. Bxg5 {[%emt 0:00:05]} Bxg5 {[%emt 0:00:02]} 23. Rc2 {[%emt 0:00:06]} Qe7 {[%emt 0:00:03]} 24. Nc5 {[%emt 0:00:03]} h6 {[%emt 0:00:03]} 25. Nxg5 {[%emt 0:00:08]} Qxg5 {[%emt 0:00:03]} 26. Rxf8+ {[%emt 0:00:05]} Rxf8 {[%emt 0:00:02]} 27. Nxe6 {[%emt 0:00:04]} Qh4 {[%emt 0:00:10]} 28. Nxf8 {[%emt 0:00:02]} Kxf8 {[%emt 0:00:01]} 29. Rf2+ {[%emt 0:00:02]} Kg8 {[%emt 0:00:02]} 30. Kg2 {[%emt 0:00:03]} Qg5 {[%emt 0:00:05]} 31. b4 {[%emt 0:00:02]} Nd8 {[%emt 0:00:05]} 32. Qf5 {[%emt 0:00:06]} Qe7 {[%emt 0:00:06]} 33. Rc2 {[%emt 0:00:15]} Nc6 {[%emt 0:00:08]} 34. Qf4 {[%emt 0:00:06]} Qh4 {[%emt 0:00:06]} 35. e6 {[%emt 0:00:06]} Qe1 {[%emt 0:00:03]} 36. Qf7+ {[%emt 0:00:13]} Kh8 {[%emt 0:00:05]} 37. Rf2 {[%emt 0:00:07]} Qe4+ {[%emt 0:00:11]} 38. Kg3 {[%emt 0:00:03]} Nxd4 {[%emt 0:00:08]} 39. e7 {[%emt 0:00:08]} Qe3+ {[%emt 0:00:09]} 40. Kh2 {[%emt 0:00:10]} Qe5+ {[%emt 0:00:05]} 41. Rf4 {[%emt 0:00:11]} Qe2+ {[%emt 0:00:06]} 42. Kg3 {[%emt 0:00:06]} Qe3+ {[%emt 0:00:03]} 43. Kh4 {[%emt 0:00:05]} Qe1+ {[%emt 0:00:08]} 44. Kh5 {[%emt 0:00:04]} Qe5+ {[%emt 0:00:09]} 45. Rf5 {[%emt 0:00:06]} Nxf5 {[%emt 0:00:09]} 46. e8=Q+ {[%emt 0:00:10]} Qxe8 {[%emt 0:00:07]} 47. Qxe8+ {[%emt 0:00:01] Timbre resigns (Lag: Av=0.52s, max=0.8s)} 1-0

[Event "Stay Safe Play From Home 258"]
[Site "Emanuel Lasker Arena"]
[Date "2020.06.26"]
[Round "7"]
[White "Justwatch"]
[Black "charlsjulian19"]
[Result "0-1"]
[WhiteElo "1308"]
[BlackElo "1706"]
[Annotator "NA"]
[PlyCount "106"]
[EventDate "2020.06.26"]
[EventType "swiss (blitz)"]

1. e3 {[%emt 0:00:02]} e5 {[%emt 0:00:01]} 2. Nc3 {[%emt 0:00:06]} d5 {[%emt 0:00:02]} 3. Nf3 {[%emt 0:00:00]} Nc6 {[%emt 0:00:04]} 4. Bb5 {[%emt 0:00:01]} Bd6 {[%emt 0:00:02]} 5. Bxc6+ {[%emt 0:00:00]} bxc6 {[%emt 0:00:01]} 6. d4 {[%emt 0:00:12]} e4 {[%emt 0:00:01]} 7. Nd2 {[%emt 0:00:01]} f5 {[%emt 0:00:02]} 8. Nb3 {[%emt 0:00:34]} Nf6 {[%emt 0:00:03]} 9. f3 {[%emt 0:00:00]} O-O {[%emt 0:00:05]} 10. O-O {[%emt 0:00:02]} Nh5 {[%emt 0:00:08]} 11. fxe4 {[%emt 0:00:01]} Bxh2+ {[%emt 0:00:02]} 12. Kxh2 {[%emt 0:00:01]} Qh4+ {[%emt 0:00:01]} 13. Kg1 {[%emt 0:00:01]} Ng3 {[%emt 0:00:01]} 14. Rf4 {[%emt 0:00:03]} Qh1+ {[%emt 0:00:13]} 15. Kf2 {[%emt 0:00:01]} Qh2 {[%emt 0:00:00]} 16. exd5 {[%emt 0:00:03]} g5 {[%emt 0:00:09]} 17. Rf3 {[%emt 0:00:06]} Nh1+ {[%emt 0:00:05]} 18. Kf1 {[%emt 0:00:03]} g4 {[%emt 0:00:01]} 19. Rf4 {[%emt 0:00:02]} Ng3+ {[%emt 0:00:07]} 20. Kf2 {[%emt 0:00:03]} Qh4 {[%emt 0:00:01]} 21. Kg1 {[%emt 0:00:05]} cxd5 {[%emt 0:00:13]} 22. Nxd5 {[%emt 0:00:01]} Be6 {[%emt 0:00:01]} 23. c4 {[%emt 0:00:22]} Bxd5 {[%emt 0:00:02]} 24. cxd5 {[%emt 0:00:02]} Rf6 {[%emt 0:00:00]} 25. Bd2 {[%emt 0:00:01]} Rh6 {[%emt 0:00:02]} 26. Qc2 {[%emt 0:00:06]} Ne2+ {[%emt 0:00:08]} 27. Kf1 {[%emt 0:00:02]} Nxf4 {[%emt 0:00:08]} 28. exf4 {[%emt 0:00:01]} Rf8 {[%emt 0:00:07]} 29. Qxc7 {[%emt 0:00:02]} g3 {[%emt 0:00:02]} 30. Qe5 {[%emt 0:00:03]} Qh1+ {[%emt 0:00:02]} 31. Ke2 {[%emt 0:00:00]} Qxg2+ {[%emt 0:00:01]} 32. Kd3 {[%emt 0:00:00]} Qf3+ {[%emt 0:00:04]} 33. Be3 {[%emt 0:00:01]} g2 {[%emt 0:00:03]} 34. d6 {[%emt 0:00:04]} Rh1 {[%emt 0:00:12]} 35. Rg1 {[%emt 0:00:05]} Rxg1 {[%emt 0:00:04]} 36. Qe6+ {[%emt 0:00:01]} Rf7 {[%emt 0:00:03]} 37. Qe8+ {[%emt 0:00:02]} Kg7 {[%emt 0:00:01]} 38. Qe5+ {[%emt 0:00:01]} Kg6 {[%emt 0:00:00]} 39. Qe6+ {[%emt 0:00:01]} Rf6 {[%emt 0:00:01]} 40. Qe8+ {[%emt 0:00:01]} Kh6 {[%emt 0:00:03]} 41. d7 {[%emt 0:00:01]} Rd1+ {[%emt 0:00:04]} 42. Nd2 {[%emt 0:00:03]} Rxd2+ {[%emt 0:00:02]} 43. Kxd2 {[%emt 0:00:02]} g1=Q {[%emt 0:00:07]} 44. d8=Q {[%emt 0:00:05]} Qgd1+ {[%emt 0:00:04]} 45. Kc3 {[%emt 0:00:04]} Rc6+ {[%emt 0:00:06]} 46. Kb4 {[%emt 0:00:06]} Rb6+ {[%emt 0:00:03]} 47. Ka3 {[%emt 0:00:02]} Ra6+ {[%emt 0:00:01]} 48. Kb4 {[%emt 0:00:02]} Qa4+ {[%emt 0:00:01]} 49. Kc3 {[%emt 0:00:04]} Rc6+ {[%emt 0:00:04]} 50. Qxc6+ {[%emt 0:00:05]} Qaxc6+ {[%emt 0:00:01]} 51. Kd3 {[%emt 0:00:01]} Qce4+ {[%emt 0:00:03]} 52. Kd2 {[%emt 0:00:01]} Qfxe3+ {[%emt 0:00:01]} 53. Kd1 {[%emt 0:00:03]} Qe1# {[%emt 0:00:01] (Lag: Av=0.99s, max=1.6s)} 0-1